00348 2200145 4500245005800000250001100058100002600069650001600095650001700111005001900128260001800147041001400165084001400179336000900193 aJejak Ku yang TertinggalcEmira Fitri RamadhanihText aCet. 1 aEmira Fitri Ramadhani aKarya Siswa aAutobiografi a20250520114529 aJakartac2025 aIndonesia a081 EMI j atext